000 01158nab a2200241 i 4500
001 768714001
003 CO-MdFUSB
005 20240730143927.0
008 240730t1983 -us||||| |||| 00| 0 eng d
040 _bspa
_cCO-MdFUSB
_dCO-MdFUSB
041 _aeng
100 _aGration, John Alexander,
_d1929-
_eautor
245 _aConversion in Cultural Context
_c/ John A. Gration
520 _aSe plantea un punto fuerte cuando hablan de cómo las misiones pueden pagar salarios más altos que las iglesias nacionales, de modo que atraen a jóvenes capaces y bien calificados de las escuelas de formación de la iglesia, y que el liderazgo así entrenado por la misión termina sin rendir cuentas a la iglesia en el país.
546 _aTexto en inglés.
650 7 _aAntropología cultural y social
_96714
650 0 _aEvangelización
_9362
650 0 _aMisiones
_9154
650 0 _aConversión
_9950
773 0 _049483
_982877
_oR2705
_tInternational Bulletinof Missionary Research
_w(CO-MdFUSB)768714001
_x0272-6122
_gVolumen 7, (número 4, 1983), páginas: 157 - 162
_qpágina: 157
942 _cANA
945 _aCatherine Arias Álvarez - Practicante SENA
999 _c70615
_d70615